| 000 | 01009nam a2200241Ia 4500 | ||
|---|---|---|---|
| 003 | OSt | ||
| 005 | 20220918105501.0 | ||
| 006 | a|||||r|||| 00| 0 | ||
| 007 | ta | ||
| 008 | 220915b |||||||| |||| 00| 0 hin d | ||
| 024 | _a159637 | ||
| 037 | _cReference Collections | ||
| 040 |
_aARTS _cARTS _bhin |
||
| 041 |
_2hin _ahin |
||
| 082 | _aMZA:(P111:4)k, 152L3.1-.2 (RR) | ||
| 110 |
_aकेन्द्रीय हिन्दी वैज्ञानिक तथा तकनीकि शब्दावली आयोग _91608 |
||
| 245 | 0 | _aबृहत् पारिभाषिक शब्द संग्रह | |
| 246 | _aBṛuhat pāribhāṣhik shabda sangraha | ||
| 260 | _c1973 | ||
| 700 |
_aकेन्द्रीय हिन्दी वैज्ञानिक तथा तकनीकि शब्दावली आयोग _91609 |
||
| 942 |
_hMZA:(P111:4)k, 152L3.1-.2 (RR) _cREF |
||
| 999 |
_c107529 _d107529 |
||